000 01599cad a22003255a 4500
001 L160091
008 120529s2010 xxk g 000 0 eng d
035 _a(Sirsi) u160091
041 0 _aeng
110 _aFederation International Des Geometres
111 2 _aFIG Working Week 2010
_bSydney, Australia
_c11-16 April 2010
245 0 0 _aRapid urbanization and mega cities
_bthe need for spatial information management
_h[electronic resource]
260 _aSydney
_bFIG
_c2010
520 _aThe goal of this research is to investigate the emerging needs, the current trends and the extent of using Spatial Data Infrastructures (SDIs) in selected megacities, but also to identify the emerging possibilities for using new technical tools for the governance of sustainable large urban areas applied by the surveying-mappingdata processing community.
650 2 4 _aSPATIAL DATA MANAGEMENT
650 2 4 _aDATA COLLECTION
650 2 4 _aMEGA-CITIES
650 2 4 _aURBANISATION
651 4 _aUnited Kingdom
690 _aGeospatial
_96243
700 1 _aDoytsher, Yerach
700 1 _aKelly, Paul
700 1 _aKhouri, Rafic
700 1 _aMcLaren, Robin
700 1 _aMueller, E.
700 1 _aPotsiou, Chryssy
856 4 0 _uhttps://www.rics.org/Global/Downloads/Rapid_Urbanization_and_Mega_Cities-_The_Need_for_Spatial_Information_Management.pdf
_zView the paper free of charge at www.rics.org
856 4 0 _uhttps://fig.net/resources/proceedings/fig_proceedings/fig2010/ppt/ts01b/ts01b_potsiou_doytsher_et_al_ppt_4709.pdf
_zView the presentation free of charge at www.fig.net
942 _n0
999 _c116208
_d116208